000 00522cam a2200193ua 4500
020 _a0333-90960-7
_c160.00
041 _aeng
_h
082 _a004.0142211
_bBAL/CO
100 _aBalaguruswamy, E .
245 _aComputer oriented statistical and numerical methods /
_cE.Balaguruswamy.
_hTextual Documents
260 _aMadras :
_bMacmillan India limited ,
_c2001.
300 _a250 ; .
365 _a160.00
500 _a*Scheme
504 _a
942 _cBK
999 _c9754
_d9754